|
|
|
|
| LEADER |
01241nam a2200337 a 4500 |
| 001 |
14452919 |
| 008 |
110223s2006 bccab b 001 0 eng d |
| 999 |
|
|
|c 10470
|d 10470
|
| 010 |
|
|
|a 2007360442
|
| 016 |
|
|
|a 20069027854
|
| 020 |
|
|
|a 0865715521
|
| 020 |
|
|
|a 9780865715523
|
| 020 |
|
|
|a 9780865715523
|
| 040 |
|
|
|a NLC
|b eng
|c NLC
|d BAKER
|d C#P
|d VP@
|d IXA
|d UMC
|d YDXCP
|d DLC
|d BD-DhAAL
|
| 042 |
|
|
|a pcc
|
| 050 |
0 |
0 |
|a HT241
|b .R44 2006
|
| 082 |
0 |
0 |
|a 307.12
|2 22
|
| 100 |
1 |
|
|a Register, Richard,
|d 1943-
|9 31819
|
| 245 |
1 |
0 |
|a Ecocities :
|b rebuilding cities in balance with nature /
|c Richard Register.
|
| 250 |
|
|
|a Rev. ed.
|
| 260 |
|
|
|a Gabriola, BC :
|b New Society Publishers,
|c c2006.
|
| 300 |
|
|
|a xxv, 373 p. :
|b ill., maps ;
|c 23 cm.
|
| 504 |
|
|
|a Includes bibliographical references (p. 345-354) and index.
|
| 526 |
|
|
|a ARC
|
| 541 |
1 |
|
|e 00018648
|
| 650 |
|
0 |
|a City planning
|x Environmental aspects.
|9 31820
|
| 650 |
|
0 |
|a Urban ecology (Sociology)
|9 31821
|
| 650 |
|
0 |
|a Sustainable development.
|9 31822
|
| 852 |
|
|
|a Ayesha Abed Library
|c General Shelf.
|
| 942 |
|
|
|2 ddc
|c BK
|
| 952 |
|
|
|0 0
|1 0
|2 ddc
|4 0
|6 307_120000000000000_REG
|7 0
|9 14418
|a BRACUL
|b BRACUL
|c GEN
|d 2011-02-23
|l 4
|m 39
|o 307.12 REG
|p 3010018648
|r 2017-12-12
|s 2017-09-14
|t 1
|w 2011-02-23
|y BK
|